Online Catalogue and eLibrary

Pasukal,panrigal,porgal,suniyakarikal,agiya kalasara puthirkal : (Record no. 4402)

MARC details
000 -LEADER
fixed length control field 00410nam a2200145Ia 4500
005 - DATE AND TIME OF LATEST TRANSACTION
control field 20250422023014.0
008 - FIXED-LENGTH DATA ELEMENTS--GENERAL INFORMATION
fixed length control field 240331s9999 xx 000 0 und d
082 ## - DDC Classification
Item Number - Author Mark HAR
Class No. 215
100 ## - MAIN ENTRY--PERSONAL NAME
Personal name Harris,M
245 #0 - TITLE STATEMENT
Title Pasukal,panrigal,porgal,suniyakarikal,agiya kalasara puthirkal :
Remainder of title Part II
260 ## - PUBLICATION, DISTRIBUTION, ETC.
Place of publication, distribution, etc. Chennai
Name of publisher, distributor, etc. Anyindian Pathippagam
Date of publication, distribution, etc. 2006
300 ## - PHYSICAL DESCRIPTION
Extent (e.g. Volumes, Pages etc.) 176 p .,
650 ## - SUBJECT ADDED ENTRY--TOPICAL TERM
Topical term or geographic name entry element Cultural Anthropology
942 ## - Koha item type (Biblio)
Koha item type Books in Stacks (Lending)
Holdings
Lost status Damaged status Collection code Home library Current library Shelving location Date acquired Full call number Accession Number Item type
    Lending WERC Library WERC Library Social Science Cupboard 03/31/2024 215 HAR 5917 Books in Stacks (Lending)

© WERC Library